El rol de la escuela en el escenario futuro argentino (Record no. 19766)

MARC details
000 -LEADER
campo de control de longitud fija 01061nmm a2200337 a 4500
003 - IDENTIFICADOR DE NÚMERO DE CONTROL
campo de control AR-BaBNM
005 - FECHA Y HORA DE LA ÚLTIMA TRANSACCIÓN
campo de control 20251128211449.0
008 - DATOS DE LONGITUD FIJA--INFORMACIÓN GENERAL
campo de control de longitud fija 314020s2004 ||||||||||||||000 | spa||
020 ## - NÚMERO INTERNACIONAL ESTÁNDAR DEL LIBRO
Número Internacional Estándar del Libro 987-21486-0-0
040 ## - FUENTE DE CATALOGACIÓN
Centro/agencia transcriptor AR-BaBNM
245 10 - MENCIÓN DEL TÍTULO
Título El rol de la escuela en el escenario futuro argentino
260 ## - PUBLICACIÓN, DISTRIBUCIÓN, ETC.
Lugar de publicación, distribución, etc. Buenos Aires
Nombre del editor, distribuidor, etc. Fundación Price Waterhouse
Fecha de publicación, distribución, etc. 2004
300 ## - DESCRIPCIÓN FÍSICA
Extensión 184 p.
500 ## - NOTA GENERAL
Nota general Premio 90° aniversario Pricewaterhouse Coopers
500 ## - NOTA GENERAL
Nota general Declarado de interés educativo nacional por el Ministerio de Educación, Ciencia y Tecnología de la Nación
650 #4 - PUNTO DE ACCESO ADICIONAL DE MATERIA--TÉRMINO DE MATERIA
Término de materia o nombre geográfico como elemento de entrada SOLIDARIDAD
650 #4 - PUNTO DE ACCESO ADICIONAL DE MATERIA--TÉRMINO DE MATERIA
Término de materia o nombre geográfico como elemento de entrada RELACION ESCUELA-COMUNIDAD
650 #4 - PUNTO DE ACCESO ADICIONAL DE MATERIA--TÉRMINO DE MATERIA
Término de materia o nombre geográfico como elemento de entrada PROMOCION DE LA LECTURA
650 #4 - PUNTO DE ACCESO ADICIONAL DE MATERIA--TÉRMINO DE MATERIA
Término de materia o nombre geográfico como elemento de entrada POLITICA EDUCATIVA
651 #4 - PUNTO DE ACCESO ADICIONAL DE MATERIA--NOMBRE GEOGRÁFICO
Nombre geográfico Argentina
653 ## - TÉRMINO DE INDIZACIÓN--NO CONTROLADO
Término no controlado GESTION EDUCATIVA
700 1# - ENTRADA AGREGADA--NOMBRE PERSONAL
Nombre de persona Tasca, Eduardo Luis
700 1# - ENTRADA AGREGADA--NOMBRE PERSONAL
Nombre de persona Repetto, María Nélida
700 1# - ENTRADA AGREGADA--NOMBRE PERSONAL
Nombre de persona Nibeyro, Irma Beatriz
700 1# - ENTRADA AGREGADA--NOMBRE PERSONAL
Nombre de persona Alegre, Rosa Aurelia
700 1# - ENTRADA AGREGADA--NOMBRE PERSONAL
Nombre de persona Radocevich, Alicia Nora
700 1# - ENTRADA AGREGADA--NOMBRE PERSONAL
Nombre de persona Laborde, Sonia
700 1# - ENTRADA AGREGADA--NOMBRE PERSONAL
Nombre de persona Santori, Diego
942 ## - ELEMENTOS DE ENTRADA SECUNDARIOS (KOHA)
Tipo de ítem Koha Libros
998 ## - INFORMACIÓN DE CONTROL LOCAL (RLIN)
Iniciales del catalogador, CIN (RLIN) raquel
Holdings
Estatus retirado Estado de pérdida Fuente de la clasificación o esquema de estantería Estado de daño Restricciones de uso No para préstamo Biblioteca de origen Biblioteca actual Fecha de adquisición Total de préstamos Signatura topográfica completa Código de barras Visto por última vez Precio de reemplazo Tipo de ítem Koha
    Clasificación Decimal Dewey   Acceso restringido No para préstamo Liberty Liberty 28/11/2025   37.014.5 ELR 134770 28/11/2025 28/11/2025 Libros